| 000 | 00834cam a2200229 a 4500 | ||
|---|---|---|---|
| 020 | _a1562470787 (hardcover) : | ||
| 020 | _a1562470779 (pbk.) : | ||
| 040 | _cDLC | ||
| 082 | 0 | 0 | _a813 PLA 1993 A094 Or. |
| 100 | 1 | _aPorter, Connie Rose, | |
| 245 | 1 | 0 |
_aAddy learns a lesson : _ba school story / |
| 250 | _a1st ed. | ||
| 260 |
_aMiddleton, WI : _bPleasant Co., _cc1993. |
||
| 300 |
_a68 p. : _bcol. ill. ; _c22 cm. |
||
| 520 | _aAfter their escape from North Carolina to Philadelphia in the summer of 1864, Addy and her mother begin their new life as free people as her mother gets a paying job and Addy goes to school and learns a lesson in true friendship. | ||
| 650 | 0 | _aAfrican Americans | |
| 650 | 1 | _aAfrican Americans | |
| 650 | 1 | _aFugitive slaves | |
| 650 | 1 | _aFriendship | |
| 700 | 1 | _aRosales, Melodye, | |
| 942 | _cEK | ||
| 999 |
_c14085 _d14085 |
||